|
|
|
|
| LEADER |
00000nab a2200000 ar4500 |
| 001 |
vtls009957901 |
| 003 |
SK-MaSNL |
| 005 |
20260304174058.0 |
| 008 |
091008c2009 xo mr|p|||||||000 b|slo |
| 038 |
|
|
|a PPPK
|
| 040 |
|
|
|a PPPKCL
|b slo
|c PPPKCL
|e AACR2
|
| 041 |
0 |
|
|a slo
|
| 044 |
|
|
|a xo
|c SK
|
| 080 |
|
|
|a 398
|2 2001
|
| 080 |
|
|
|a 793.31
|2 2001
|
| 100 |
1 |
|
|a Švedlár, Juraj
|4 aut
|9 311812
|
| 245 |
1 |
0 |
|a Maguráčik opäť za hranicami
|c Juraj Švedlár
|
| 610 |
2 |
7 |
|a Maguráčik (detský folklórny súbor)
|2 pppkcl
|9 163802
|
| 611 |
2 |
7 |
|a Medzinárodný festival Liciderke srdce
|d (2009 :
|c Užice, Srbsko)
|2 pppkcl
|9 1505060
|
| 648 |
|
7 |
|a 20.8.2009
|2 pppkcl
|9 1505061
|
| 650 |
0 |
7 |
|a folklór
|2 pppkcl
|9 19213
|
| 650 |
0 |
7 |
|a detské folklórne súbory
|2 pppkcl
|9 60046
|
| 650 |
0 |
7 |
|a festivaly
|2 pppkcl
|9 3406
|
| 651 |
|
7 |
|a Kežmarok (Slovensko)
|2 pppkcl
|9 26808
|
| 651 |
|
7 |
|a Užice (Srbsko)
|2 pppkcl
|9 125510
|
| 773 |
0 |
|
|t Kežmarok
|g Roč. XVII, č. 17 (2009), s. 12
|
| 852 |
|
|
|a PPPK
|b KIS3GCP
|
| 999 |
|
|
|c 3006953
|d 3008883
|